Vista normal Vista MARC

Entrada Personal Name

Número de registros utilizados en: 3

001 - CONTROL NUMBER

  • control field: 2434

003 - CONTROL NUMBER IDENTIFIER

  • control field: OSt

005 - DATE AND TIME OF LATEST TRANSACTION

  • control field: 20200402125015.0

008 - FIXED-LENGTH DATA ELEMENTS

  • fixed length control field: 200402|| aca||aabn | a|a d

040 ## - CATALOGING SOURCE

  • Original cataloging agency: OSt
  • Transcribing agency: OSt

100 ## - HEADING--PERSONAL NAME

  • Personal name: Collodi, Carlo,
  • Dates associated with a name: 1826-1890

670 ## - SOURCE DATA FOUND

  • Source citation: Work cat.: (OSt)3747: Collodi, Carlo, 1826-1890 autor, Las aventuras de pinocho : , ©2012